=LDR 00000nam 2200000 4500 =001 INLIS000000000023630 =005 20130612122257 =008 ***********************************Ind** =035 ##$$0010-061300000023630 =041 ##$$a Ind =082 ##$$a 005.58 =090 ##$$a 005.58, Hen t =100 ##$$a Hendratman, Hendi =245 ##$$a The majic of adobe effects, Hendi Hendratman, ST =260 ##$$a 2005 $b Bandung =300 ##$$a xiii, 258 hlm, ilus, 21 cm =650 ##$$a Komputer =850 ##$$a NBPNMAT